Ultimate 60s Songs Quiz - Statistics

General Stats
  • This quiz has been taken 815 times
  • The average score is 37 of 100
Answer Stats
Song Title Artist/Band % Correct
All You Need Is Love Beatles
91%
The Sound of Silence Simon & Garfunkel
86%
Sweet Caroline Neil Diamond
83%
Ring of Fire Johnny Cash
82%
God Only Knows Beach Boys
81%
Jumpin' Jack Flash Rolling Stones
80%
These Boots Are Made For Walkin' Nancy Sinatra
79%
Daydream Believer Monkees
76%
Brown Eyed Girl Van Morrison
76%
What A Wonderful World Louis Armstrong
74%
(Sittin' On) The Dock of the Bay Otis Redding
73%
Sugar Sugar Archies
69%
I Got You Babe Sonny & Cher
68%
Return To Sender Elvis Presley
67%
Happy Together Turtles
65%
White Rabbit Jefferson Airplane
64%
Son Of A Preacher Man Dusty Springfield
63%
Let's Twist Again Chubby Checker
62%
Break On Through (To The Other Side) Doors
61%
Sunshine of Your Love Cream
60%
Turn! Turn! Turn! (To Everything There Is a Season) Byrds
58%
I Say A Little Prayer Dionne Warwick
57%
Waterloo Sunset Kinks
56%
You've Lost That Lovin' Feelin' Righteous Brothers
53%
Massachusetts Bee Gees
52%
Runaround Sue Dion
51%
Delilah Tom Jones
51%
Wichita Lineman Glen Campbell
49%
A Whiter Shade of Pale Procol Harum
49%
I Hear a Symphony Supremes
48%
Reach Out I'll Be There Four Tops
45%
I Can't Get Next To You Temptations
45%
Aquarius/Let The Sunshine 5th Dimension
43%
Sunshine Superman Donovan
42%
Runaway Del Shannon
41%
Rag Doll Four Seasons
41%
Goldfinger Shirley Bassey
40%
Build Me Up Buttercup Foundations
39%
The Weight The Band
39%
Green Onions Booker T. & the M.G.'s
38%
Suzie Q Creedence Clearwater Revival
38%
Everybody's Talkin' Nilsson
38%
Stand By Your Man Tammy Wynette
38%
The Letter Box Tops
37%
Yester-Me, Yester-You, Yesterday Stevie Wonder
37%
Good Times Bad Times Led Zeppelin
36%
Everyday People Sly & The Family Stone
36%
For What It's Worth Buffalo Springfield
35%
Ferry Cross The Mersey Gerry & The Pacemakers
35%
I'm Henry VIII I Am Herman's Hermits
35%
Happy Jack The Who
34%
Leader of the Pack Shangri-Las
32%
You Never Can Tell Chuck Berry
31%
King of the Road Roger Miller
31%
Save the Last Dance for Me Drifters
29%
For Your Love Yardbirds
28%
Pictures of Matchstick Men Status Quo
26%
Matthew and Son Cat Stevens
25%
Those Were The Days Mary Hopkin
25%
I'll Be Your Baby Tonight Bob Dylan
24%
Jennifer Eccles Hollies
24%
(Your Love Keeps Lifting Me) Higher And Higher Jackie Wilson
24%
Gimme Some Lovin' Spencer Davis Group
24%
Ode To Billie Joe Bobbie Gentry
23%
Go Now Moody Blues
23%
Going Up the Country Canned Heat
22%
Boom Bang A Bang Lulu
22%
Hang On Sloopy McCoys
22%
It's Over Roy Orbison
22%
Groovin' Young Rascals
22%
Israelites Desmond Dekker
21%
You Didn't Have To Be So Nice Lovin' Spoonful
20%
Na Na Hey Hey Kiss Him Goodbye Steam
20%
With A Girl Like You Troggs
20%
Never My Love Association
19%
Surfin' Bird Trashmen
18%
Venus in Furs Velvet Underground
17%
Kind of a Drag Buckinghams
16%
Rhythm of the Rain Cascades
15%
The Legend of Xanadu Dave Dee, Dozy, Beaky, Mick & Tich
15%
Reflections of my Life Marmalade
15%
Li'l Red Riding Hood Sam the Sham and the Pharaohs
15%
Ain't Got No, I Got Life Nina Simone
14%
Speedy Gonzales Pat Boone
14%
This Will Be Our Year Zombies
14%
And When I Die Blood, Sweat & Tears
13%
Man of the World Fleetwood Mac
12%
I'm The Urban Spaceman Bonzo Dog Doo-Dah Band
11%
Alone Again Or Love
11%
My Name Is Jack Manfred Mann
11%
Yummy Yummy Yummy Ohio Express
11%
Flowers on the Wall Statler Brothers
11%
Let's Go to San Francisco Flower Pot Men
9%
I Go To Pieces Peter & Gordon
9%
It's Getting Better Cass Elliot
8%
Sukiyaki Kyu Sakamoto
8%
Jesamine Casuals
5%
The More I See You Chris Montez
5%
Smile A Little Smile For Me Flying Machine
5%
Here It Comes Again Fortunes
5%
No matching quizzes found
Score Distribution
Percent of People with Each Score
Percentile by Number Answered
Your Score History
You have not taken this quiz